Wszystkie Kluby 3 ligi grupa 3 - Statystyki

Ogólne statystyki
  • Ten quiz został rozwiązany 2 razy
  • Średni wynik to 20 z 42
Statystyki odpowiedzi
Hint Odpowiedź % Poprawnych
19 Carina Gubin
100%
24 Karkonosze Jelenia Góra
100%
14 LKS Goczałkowice- Zdrój
100%
28 Odra Bytom Odrzański
100%
13 Polonia Bytom
100%
42 Polonia Słubice
100%
32 Row Rybnik
100%
1 Ślęza Wrocław
100%
20 Unia Turza Śląska
100%
26 BKS Stal Bielsko-Biała
50%
39 Chrobry Głogów II
50%
23 Foto Higiena Gać
50%
30 GKS Jastrzębie
50%
10 Górnik Polkowice
50%
37 Górnik Wałbrzych
50%
9 Gwarek Tarnowskie Góry
50%
6 Lechia Zielona Góra
50%
7 MKS Kluczbork
50%
29 Odra Wodzisław Śląski
50%
41 Olimpia Kowary
50%
3 Pniówek Pawłowice
50%
33 Podlesianka Ktowice
50%
40 Polonia Głubczyce
50%
31 Polonia Nysa
50%
27 Raków Częstochowa II
50%
2 Rekord Bielsko-Biała
50%
35 Ruch Radzionków
50%
18 Ruch Zdzieszowice
50%
16 Śląsk Wrocław II
50%
17 Stilon Gorzów Wielkopolski
50%
12 Warta Gorzów Wielkopolski
50%
34 Agroplon Głuszyna
0%
4 Górnik Zabrze II
0%
25 Lechia Dzierżoniów
0%
5 Miedz Legnica II
0%
15 Piast Żmigród
0%
38 Polonia- Stal Świdnica
0%
21 Ruch Chorzów
0%
22 Skra Częstochowa
0%
8 Stal Brzeg
0%
36 Starowice Dolne
0%
11 Zagłębie Lubin II
0%
Nie znaleziono quizów pasujących do podanych kryteriów
Rozkład punktacji
Procent ludzi z każdym wynikiem
Percentyl według liczby udzielonych odpowiedzi
Twoja historia wyników
Nie rozwiązałeś tego quizu